000 00787nmc a2200265 a 4500
003 AR-BaBNM
005 20251128203637.0
008 197019s1984 ||||||||||||||000 | spa||
040 _cAR-BaBNM
100 1 _aSalgado Moya, Julio
245 1 0 _aLa alfabetización y la post-alfabetización en la perspectiva de eventos internacionales
260 _aMéxico, D.F.
_bCrefal
_bUnesco
_c1984
300 0 _a222 p.
490 0 _aRetablo de papel
_vv. 12
504 _aBibliografía p. 117-222
650 4 _aEDUCACION DE ADULTOS
650 4 _aALFABETIZACION
650 4 _aPROGRAMAS DE POSTALFABETIZACION
650 4 _aALFABETIZACION FUNCIONAL
650 4 _aALFABETIZADORES
650 4 _aEDUCADORES DE ADULTOS
653 _aESTRATEGIAS EDUCATIVAS
942 _cBK
998 _cCarmen
999 _c4297
_d4297